书目信息 |
| 题名: |
分析力学
|
|
| 作者: | 叶敏 , 肖龙翔 编著 | |
| 分册: | ||
| 出版信息: | 天津 天津大学出版社 2001.04 |
|
| 页数: | 280页 | |
| 开本: | 20cm | |
| 丛书名: | ||
| 单 册: | ||
| 中图分类: | O316 | |
| 科图分类: | ||
| 主题词: | 理论力学 , 一般力学 | |
| 电子资源: | ||
| ISBN: | 7-5618-1419-4 | |
| 000 | 00599nam0 2200217 45 | |
| 001 | 0460815000 | |
| 005 | 2004051116533043 | |
| 010 | @a7-5618-1419-4@dCNY 15.00 | |
| 100 | @a20040511d2001 km y0chiy0120 ea | |
| 101 | 0 | @achi |
| 102 | @aCN@b120000 | |
| 200 | 1 | @a分析力学@AFen Xi Li Xue@f叶敏,肖龙翔编著@FYe Min,Xiao Long Xiang Bian Zhu |
| 210 | @a天津@c天津大学出版社@d2001.04 | |
| 215 | @a280页@d20cm | |
| 606 | 0 | @a理论力学 |
| 606 | 0 | @a一般力学 |
| 690 | @aO316@v3 | |
| 701 | 0 | @a叶敏@AYe Min@4编著 |
| 701 | 0 | @a肖龙翔@AXiao Long Xiang@4编著 |
| 801 | 0 | @aCN@bPFT@c20040511 |
| 905 | @dO316@eY441 | |
| 分析力学/叶敏,肖龙翔编著.-天津:天津大学出版社,2001.04 |
| 280页;20cm |
| ISBN 7-5618-1419-4:CNY 15.00 |
| ● |
| 相关链接 |
|
|
|
正题名:分析力学
索取号:O316/Y441
 
预约/预借
| 序号 | 登录号 | 条形码 | 馆藏地/架位号 | 状态 | 备注 |
| 1 | 393229 | 203932290 | 自科库401/401自科库 52排1列3层/ [索取号:O316/Y441] | 在馆 | |
| 2 | 393230 | 203932307 | 自科库401/401自科库 52排1列3层/ [索取号:O316/Y441] | 在馆 | |
| 3 | 393231 | 203932316 | 自科库401/401自科库 52排1列3层/ [索取号:O316/Y441] | 在馆 |